دوستداران بشر / Dūstdārān-i bashar (Record no. 82507)
[ view plain ]
| 000 -LEADER | |
|---|---|
| fixed length control field | 00856naa a2200229 a 4500 |
| 001 - CONTROL NUMBER | |
| control field | 82507 |
| 003 - CONTROL NUMBER IDENTIFIER | |
| rucl marc code | BD-RjUL |
| 005 - DATE AND TIME OF LATEST TRANSACTION | |
| control field | 20231220151507.0 |
| 008 - FIXED-LENGTH DATA ELEMENTS--GENERAL INFORMATION | |
| fixed length control field | 231220s i ||||| |||| 00| 0 per d |
| 035 ## - SYSTEM CONTROL NUMBER | |
| System control number | (BD-RjUL)82507 |
| 040 ## - CATALOGING SOURCE | |
| Original cataloging agency | BD-RjUL |
| Language of cataloging | eng |
| Transcribing agency | BD-RjUL |
| 041 ## - LANGUAGE CODE | |
| Language code of text/sound track or separate title | per |
| 082 ## - DEWEY DECIMAL CLASSIFICATION NUMBER | |
| Edition number | 23 |
| Classification number | 920 |
| Author mark and year | MUD 1924 |
| 100 ## - MAIN ENTRY--PERSONAL NAME | |
| Personal name | Munshi, Muhammad bin Ahmed ;; منشى، محمد بن احمد |
| 9 (RLIN) | 10625 |
| 245 10 - TITLE STATEMENT | |
| Title | دوستداران بشر / Dūstdārān-i bashar |
| Statement of responsibility, etc. | :ترجمه و تألىف محمد., منشى، محمد بن احمد. / tarjumah va tā'līf Muḥammad ibn Aḥmad Munshī |
| 260 ## - PUBLICATION, DISTRIBUTION, ETC. (IMPRINT) | |
| Place of publication, distribution, etc. | Tehran: |
| Name of publisher, distributor, etc. | کاوىانى،, Birlīn, / Kāvyānī, Birlīn, |
| Date of publication, distribution, etc. | 1924 |
| 300 ## - PHYSICAL DESCRIPTION | |
| Pagination | volumes : |
| Illustrations | illustrations ; |
| Size | 22 cm |
| 505 ## - FORMATTED CONTENTS NOTE | |
| Formatted contents note | Vol.2.-- |
| 650 ## - SUBJECT ADDED ENTRY--TOPICAL TERM | |
| Topical term or geographic name as entry element | Biographies Celebrities |
| 9 (RLIN) | 10626 |
| Topical term or geographic name as entry element | Celebrities Biography |
| 9 (RLIN) | 10627 |
| 942 ## - ADDED ENTRY ELEMENTS (KOHA) | |
| Source of classification or shelving scheme | Dewey Decimal Classification |
| Koha item type | Books |
| Lost status | Source of classification or shelving scheme | Damaged status | Not for loan | Collection code | Permanent Location | Current Location | Shelving location | Date acquired | Total Checkouts | Full call number | Date last seen | Copy number | Koha item type |
|---|---|---|---|---|---|---|---|---|---|---|---|---|---|
| Dewey Decimal Classification | Not For Loan | Non-fiction | Central Library, University of Rajshahi | Central Library, University of Rajshahi | Reading Room | 20/12/2023 | F 920 MUD V-2 1924 | 20/12/2023 | C-1 | Books |